006420000a22002290004500020001500000050000800015060000800023082001600031100001500047100001800062100001800080100002700098100001700125245005600142260004000198260000900238300000800247650003300255650004500288650003500333650004400368 a8183210171 a010 a100 a630.715 HIR aAngadi, JG aChandargi, DM aHanchinal, SN aHirevenukanagoudar, LV aManjunath, L aExtension strategies for human resource development aUdaipur, Agrotech publishing agency c2005 a296 aEntrepreneurial competencies aGlobalization human resource development aIndian agricultural strategies aInter personnal communication behaviour